Normal view
MARC view
- Moreno Patiño, Karen Lizeth
Entry Nombre Personal
001 - NUMERO DE CONTROL
- campo de control: 53917
003 - IDENTIFICADOR DE NUMERO DE CONTROL
- campo de control: UPN
005 - FECHA Y HORA DE LA ÜLTIMA TRANSACCIÓN
- campo de control: 20241007124806.0
008 - DATOS DE LONGITUD FIJA
- campo de control de longitud fija: 241007|| acn||aabn | a|a d
024 7# - OTROS IDENTIFICADORES NORMALIZADOS
- Fuente: orcid
- Número normalizado o código: https://orcid.org/0000-0002-0751-2805
040 ## - FUENTE DE CATALOGACIÓN
- Agencia original de catalogación: MX-MxUPN
100 ## - ENCABEZAMIENTO - NOMBRE PERSONAL
- Nombre personal: Moreno Patiño, Karen Lizeth
370 ## - LUGAR ASOCIADO
- Associated country: Colombia
371 ## - DIRECCIÓN
- Electronic mail address: klismo.ud@gmail.com
372 ## - CAMPO DE ACTIVIDAD
- Field of activity: Magister en Infancia y Cultura
